=LDR 00000nam 2200000 4500 =001 INLIS000000000057212 =005 20201208093850 =035 ##$$a 0010-1220000113 =007 ta =008 201208###########################0#ind## =020 ##$$a 978-602-98956-8-1 =082 ##$$a 641.303 =084 ##$$a 641.303 Soe j =245 1#$$a Jus delima : $b Obat awet muda /$c Soedarso =300 ##$$a 128 halaman : $b Ilustrasi ; $c 20 cm =650 #4$$a Buah =264 ##$$a Surabaya :$b Stomata,$c 2012 =336 ##$$a teks$2 rdacontent =337 ##$$a lain-lain$2 rdamedia =338 ##$$a lain-lain$2 rdacarrier =990 ##$$a 00970097